| Tag |
First Indicator |
Second Indicator |
Subfields |
| LEADER |
00000cam a22000004a 4500 |
| 001 |
in00002741921 |
| 005 |
20151202152440.0 |
| 008 |
110824s2012 ncua b 001 0 eng c |
| 010 |
|
|
|a 2011035963
|
| 016 |
7 |
|
|a 015991290
|2 Uk
|
| 020 |
|
|
|a 9780822351481 (cloth : alk. paper)
|
| 020 |
|
|
|a 082235148X (cloth : alk. paper)
|
| 020 |
|
|
|a 9780822351627 (pbk. : alk. paper)
|
| 020 |
|
|
|a 0822351625 (pbk. : alk. paper)
|
| 035 |
|
|
|a (OCoLC)ocn748336572
|
| 035 |
|
|
|a (OCoLC)748336572
|
| 040 |
|
|
|a NcD/DLC
|b eng
|c NDD
|d DLC
|d BTCTA
|d YDXCP
|d UKMGB
|d BDX
|d BWX
|d IG#
|d UtOrBLW
|
| 042 |
|
|
|a pcc
|
| 043 |
|
|
|a f-gh---
|
| 049 |
|
|
|a TXAM
|
| 050 |
0 |
0 |
|a ML3509.G4
|b F45 2012
|
| 082 |
0 |
0 |
|a 781.6509667
|2 23
|
| 100 |
1 |
|
|a Feld, Steven.
|
| 245 |
1 |
0 |
|a Jazz cosmopolitanism in Accra :
|b five musical years in Ghana /
|c Steven Feld.
|
| 264 |
|
1 |
|a Durham :
|b Duke University Press,
|c 2012.
|
| 300 |
|
|
|a xii, 311 pages :
|b illustrations ;
|c 25 cm.
|
| 336 |
|
|
|a text
|b txt
|2 rdacontent
|
| 337 |
|
|
|a unmediated
|b n
|2 rdamedia
|
| 338 |
|
|
|a volume
|b nc
|2 rdacarrier
|
| 504 |
|
|
|a Includes bibliographical references and index.
|
| 505 |
0 |
|
|a Acoustemology in Accra : on jazz cosmopolitanism -- Guy Warren/Ghanaba : from Afro-jazz to Handel via Max Roach -- Nii Noi Nortey : from pan-Africanism to Afrifones via John Coltrane -- Nii Otoo Annan : from toads to polyrhythm via Elvin Jones and Rashied Ali -- Por por : from honk horns to jazz funerals via New Orleans -- Beyond diasporic intimacy.
|
| 650 |
|
0 |
|a Jazz
|z Ghana
|z Accra.
|
| 650 |
|
0 |
|a Jazz musicians
|z Ghana
|z Accra.
|
| 650 |
|
0 |
|a Jazz
|y 2001-2010.
|
| 651 |
|
0 |
|a Accra (Ghana)
|x Music.
|
| 938 |
|
|
|a Baker and Taylor
|b BTCP
|n BK0010122157
|
| 938 |
|
|
|a Brodart
|b BROD
|n 13485148
|c $23.95
|
| 938 |
|
|
|a YBP Library Services
|b YANK
|n 7275391
|
| 938 |
|
|
|a Blackwell Book Service
|b BBUS
|n 7275391
|
| 938 |
|
|
|a Ingram
|b INGR
|n 9780822351481
|
| 947 |
|
|
|a A14840564554
|
| 945 |
|
|
|a PromptCat
|b 831196
|
| 946 |
|
|
|a stk
|
| 994 |
|
|
|a 92
|b TXA
|
| 948 |
|
|
|a Cataloged
|b h
|c 2012/4/11
|d c
|e rsmith
|
| 999 |
|
|
|a MARS
|
| 999 |
f |
f |
|s d30f0bfd-9b4e-3b51-a4bb-8b9e44324c27
|i 5fa86178-a2ed-3b39-8709-4ba96ec63a54
|t 0
|
| 952 |
f |
f |
|p normal
|a Texas A&M University
|b College Station
|c Sterling C. Evans Library
|d Evans: Library Stacks
|t 0
|e ML3509.G4 F45 2012
|h Library of Congress classification
|i unmediated -- volume
|m A14840564554
|
| 998 |
f |
f |
|a ML3509.G4 F45 2012
|t 0
|l Evans: Library Stacks
|